| 000 | 01836nam a2200457 c 4500 | ||
|---|---|---|---|
| 001 | 46083 | ||
| 003 | ES-MaCES | ||
| 005 | 20181227112458.0 | ||
| 008 | 150707s2014 sp 100 | spa d | ||
| 017 |
_aB 4905-2014 _bDL |
||
| 020 | _a9788415663287 | ||
| 040 |
_aES-MaCES _bspa _cES-MaCES |
||
| 041 | 0 |
_aspa _acat |
|
| 111 | 2 |
_935823 _aJornadas Catalanas de Derecho Social _n24ª _d2013 _cBarcelona |
|
| 245 | 0 | 3 |
_aLa flexibilidad interna y los despidos colectivos en el sistema español de relaciones laborales _c[recoge las ponencias y comunicaciones presentadas de las XXIV Jornadas Catalanas de Derecho Social, celebradas los días 21 y 22 de febrero de 2013 en Barcelona] ; Núria Pumar Beltrán, coord. ; [autores], Antonio P. Baylos Grau ... [et al.] |
| 260 |
_aBarcelona _bHuygens _c2014 |
||
| 300 |
_a358 p. _c24 cm |
||
| 490 | 1 | _aColección Lex | |
| 500 | _aTextos en español y catalán | ||
| 541 | _cCompra | ||
| 650 | 4 |
_aflexibilidad del trabajo _930174 |
|
| 650 | 4 |
_acondiciones de trabajo _928327 |
|
| 650 | 4 |
_adespido colectivo _928359 |
|
| 650 | 4 |
_anegociación colectiva _928362 |
|
| 650 | 4 |
_aconvenio colectivo _928361 |
|
| 650 | 4 |
_alegislación del trabajo _927166 |
|
| 650 | 4 |
_areforma legislativa _929892 |
|
| 650 | 4 |
_areforma de la seguridad social _930668 |
|
| 650 | 4 |
_aEspaña _926964 |
|
| 650 | 4 |
_a2012 _931808 |
|
| 650 | 4 |
_aderecho del trabajo _927165 |
|
| 650 | 4 |
_aconferencia _927013 |
|
| 650 | 4 |
_928369 _arelaciones laborales |
|
| 653 | 1 | 0 | _aDerecho del trabajo y Seguridad Social |
| 700 | 1 |
_aPumar Beltrán, Nuria _921508 _ecol. |
|
| 700 | 1 |
_97303 _aBaylos Grau, Antonio |
|
| 787 | 0 |
_tVulnerabilidad de los derechos laborales y de protección social de los trabajadores _w(ES-MaCES)45891 |
|
| 830 | 0 |
_aLex Académica _934524 |
|
| 902 | _aLIB Libro | ||
| 942 |
_2CES _cBK _h6.0.1. |
||
| 999 |
_c46083 _d46083 |
||